Statistics for Percy Jackson quiz

Click here to take the quiz!

General Stats

  • This quiz has been taken 34 times
  • The average score is 9 of 13

Answer Stats

HintAnswer% Correct
main characterPercy Jackson
100%
godly dad; to #1pOsEiDoN
100%
gf: child of athenaAnnabeth Chase
97%
bsf; satyrGrover Underwood
97%
enemy; child of hermesLuke Castilian
94%
son of hadesNico
77%
best mom ever; loves blueSally Jackson
77%
half horse; camp counslerChiron
74%
pen; swordRiptide
68%
has a bit of a "stormy" temperZuEs
65%
hates #1 and #3HeRa
29%
daughter of ariesClaresse
0%
wine dudeDonistaus
0%

Score Distribution

Percentile by Number Answered

Percent of People with Each Score

Your Score History

You have not taken this quiz